| 000 | 00627nam a2200217Ii 4500 | ||
|---|---|---|---|
| 003 | JO-AjNU | ||
| 008 | 230606s9999||||xx |||||||||||||| ||und|| | ||
| 020 | _a0-321-26127-5 | ||
| 040 |
_aJO-AjNU _beng _erda _cJO-AjNU |
||
| 041 | _aeng | ||
| 050 | 1 | 4 | _aQA76.758 .B45 2005 |
| 100 | 3 |
_aBell,Douglas, _eauthor _91073 |
|
| 245 | 0 | 0 | _aSoftware engineering for Students/A PROGRAMMING A PPROACH |
| 250 | _a4 ed | ||
| 264 | 3 | 1 | _aLondon:Mcgraw-hill.2005 |
| 300 | _a422p | ||
| 336 |
_atext _btxt _2rdacontent |
||
| 337 |
_aunmediated _bn _2rdamedia |
||
| 338 |
_avolume _bnc _2rdacarrier |
||
| 650 | 4 |
_a Software engineering. _91074 |
|
| 999 |
_aE563 _c563 _d563 |
||